000 00251nam a2200109Ia 4500
008 190216s9999||||xx |||||||||||||| ||und||
100 _aPonkunnam Varkey
245 0 _aThoolikachithrangal
260 _bNull
650 _aJeeva Charithram
942 _cBK
999 _c23803
_d23803